MARC details
| 000 -CABECERA |
| campo de control de longitud fija |
02215nam a22002537a 4500 |
| 008 - DATOS DE LONGITUD FIJA--INFORMACIÓN GENERAL |
| campo de control de longitud fija |
251021b |||||||| |||| 00| 0 eng d |
| 020 ## - NÚMERO INTERNACIONAL ESTÁNDAR DEL LIBRO |
| Número Internacional Estándar del Libro |
9782253907824 |
| 040 ## - FUENTE DE LA CATALOGACIÓN |
| Centro/agencia transcriptor |
TBS |
| 041 ## - CÓDIGO DE LENGUA |
| Código de lengua del texto/banda sonora o título independiente |
fre |
| 050 ## - SIGNATURA TOPOGRÁFICA DE LA BIBLIOTECA DEL CONGRESO |
| Número de clasificación |
PQ2716.A82 |
| Número de documento/Ítem |
P76 2023 |
| 100 ## - ENTRADA PRINCIPAL--NOMBRE DE PERSONA |
| Nombre de persona |
Pascot, Panayotis |
| 9 (RLIN) |
26239 |
| Término indicativo de función/relación |
author |
| 245 ## - MENCIÓN DE TÍTULO |
| Título |
La prochaine fois que tu mordras la poussière |
| Mención de responsabilidad, etc. |
/ Panayotis Pascot |
| 260 ## - PUBLICACIÓN, DISTRIBUCIÓN, ETC. |
| Lugar de publicación, distribución, etc. |
Paris : |
| Nombre del editor, distribuidor, etc. |
Stock, |
| Fecha de publicación, distribución, etc. |
2023. |
| 300 ## - DESCRIPCIÓN FÍSICA |
| Extensión |
210 pages ; |
| Dimensiones |
18 cm. |
| 520 ## - SUMARIO, ETC. |
| Sumario, etc. |
Ce livre me fait peur. Le processus a été douloureux. Mon père nous a annoncé qu’il n’allait pas tarder à mourir et je me suis mis à écrire. Trois années au peigne fin, mes relations, mes pensées paranoïaques, mon rapport étrange à lui, crachés sur le papier. Je me suis donné pour but de le tuer avant qu’il ne meure. C’est l’histoire de quelqu’un qui cherche à tuer. Soi, ou le père, finalement ça revient au même. »<br/>Panayotis Pascot s’attaque d’une plume tranchante et moderne à trois thématiques qu’il tisse pour composer un récit autofictif aussi acide qu’ultralucide. L’acceptation de son homosexualité, la dépression et la relation filiale s’enchevêtrent ici dans un violent passage à l’âge adulte. |
| 520 ## - SUMARIO, ETC. |
| Sumario, etc. |
"This book scares me. The process was painful. My father told us he wouldn’t be long for this world and I started to write. Three years under the microscope: my relationships, my paranoid thoughts, my strange bond with him—spat onto the page. I set myself the goal of killing him before he died. It’s the story of someone who seeks to kill. Oneself, or the father—ultimately it’s the same thing."<br/><br/>Panayotis Pascot tackles, with a sharp, modern pen, three themes that he weaves together to create an autofictional narrative as acid as it is searingly lucid. The acceptance of his homosexuality, depression, and the filial relationship intertwine here in a violent passage into adulthood. |
| 600 #0 - PUNTO DE ACCESO ADICIONAL DE MATERIA--NOMBRE DE PERSONA |
| Nombre de persona |
Pascot, Panayotis |
| Subdivisión general |
Childhood and youth |
| 9 (RLIN) |
26240 |
| 650 #0 - PUNTO DE ACCESO ADICIONAL DE MATERIA--TÉRMINO DE MATERIA |
| Término de materia o nombre geográfico como elemento de entrada |
Fathers and sons |
| 9 (RLIN) |
14403 |
| 650 #0 - PUNTO DE ACCESO ADICIONAL DE MATERIA--TÉRMINO DE MATERIA |
| Término de materia o nombre geográfico como elemento de entrada |
Depression, Mental |
| 9 (RLIN) |
26241 |
| 650 #0 - PUNTO DE ACCESO ADICIONAL DE MATERIA--TÉRMINO DE MATERIA |
| Término de materia o nombre geográfico como elemento de entrada |
Homosexuality |
| 9 (RLIN) |
26242 |
| 650 #0 - PUNTO DE ACCESO ADICIONAL DE MATERIA--TÉRMINO DE MATERIA |
| Término de materia o nombre geográfico como elemento de entrada |
Humorists, French |
| Subdivisión de forma |
Biography |
| 9 (RLIN) |
26243 |
| 655 #0 - TÉRMINO DE INDIZACIÓN--GÉNERO/FORMA |
| Datos o término principal de género/forma |
Autobiographical fiction |
| 9 (RLIN) |
23158 |
| 942 ## - ELEMENTOS DE ENTRADA AGREGADA (KOHA) |
| Fuente del sistema de clasificación o colocación |
Clasificación de Library of Congress |